00729nam a2200241 a 4500001001300000003000900013005001700022008004100039020002300080082001300103100001800116245005300134260004400187300000900231500003500240505001000275650002300285700001800308902000800326942000700334952012900341999001700470nice12345678IN_TiNIC20260116014600.0050524s2002 lona grp 000 0 eng  a0192836 c14500a501bOKA aOkasha, Samir aPhilosophy of Science, a Very Short Introduction aLondan bOxford University Press c2002 a144p aincludes index and biblioraphy2 aIndex aScience-Philosophy1 aOkasha, Samir bSRS cBK 001040708StackRoom-aHMIbHMId2007-06-11g145.00l1m1o501 OKAp020709r2017-10-20s2017-08-31v145.00w2005-05-24yBK c16074d16074